| 000 | 00714nam a22002417a 4500 | ||
|---|---|---|---|
| 003 | DO-SdBNP | ||
| 005 | 20220719112147.0 | ||
| 007 | ta | ||
| 008 | 110301s2017 xxu 000 0 spa d | ||
| 020 | _a9781945846045 | ||
| 040 |
_aDO-SdBNP _bspa _cBNPHU |
||
| 082 | 4 |
_axxxx _bP349c |
|
| 100 |
_aPeña, José Alejandro, _97925 _d1964- |
||
| 245 | 1 | 0 |
_aCaballos y murmullos / _cJosé Alejandro Peña |
| 260 |
_aEstados Unidos : _bAlmava editores, _c2017. |
||
| 300 |
_a68 p. : _c18 cm. |
||
| 490 | 1 | _aGéiser de poesía ; | |
| 500 | _aIncluye datos biográficos del autor en la pagina 2. | ||
| 590 | _aInventariado, 2022/ YL | ||
| 830 | 0 |
_pGéiser de poesía _982026 |
|
| 910 | _aYLockward | ||
| 942 |
_2ddc _cLBS1 |
||
| 999 |
_c52192 _d52192 |
||